| 000 | 00647nam a2200193 i 4500 | ||
|---|---|---|---|
| 001 | 132988 | ||
| 003 | ES-MaACL | ||
| 005 | 20250806051730.0 | ||
| 007 | t| | ||
| 008 | 070214s1963 sp r ||||1| spa d | ||
| 100 | 1 |
_aRoyo-Villanova Morales, Ricardo, _d1899-1975 _9100240 |
|
| 245 | 1 | 0 |
_aCrisis de la salud y defensa de la enfermedad / _cRicardo Royo-Villanova y Morales ; prólogo de P. Laín Entralgo. |
| 260 |
_aMadrid : _bAguilar, _c1963. |
||
| 300 |
_a204 p. ; _c21 cm. |
||
| 650 | 0 | 7 |
_aEnfermedades _2embne _912257 |
| 700 | 1 |
_aLaín Entralgo, Pedro, _d1908-2001 _969681 |
|
| 852 |
_aES-MaACL _jC-23871 _bR.52184 |
||
| 999 |
_c132988 _d132988 |
||